| 000 | 01419nam a22002177a 4500 | ||
|---|---|---|---|
| 999 |
_c60404 _d60404 |
||
| 003 | Ge_BSU | ||
| 005 | 20230712143256.0 | ||
| 008 | 230712s1994ge xxu||||| |||| 00| 0 geo d | ||
| 041 | _ageo | ||
| 080 | _a913.1(479.22) გ-82 | ||
| 100 |
_aგრიგოლია, გურამ, ავტორი. _919269 |
||
| 245 |
_aეგრის-ლაზიკის სამეფოს საისტორიო გეოგრაფიის პრობლემები / _cგ. გრიგოლია ; რედ. მ. იმნაძე |
||
| 264 |
_aთბილისი : _bმეცნიერება, _c1994. |
||
| 300 |
_a152 გვ. : _bრუკა ; _c21 სმ. |
||
| 504 | _aბიბლიოგრაფია ტექსტის შენიშვნებში. | ||
| 520 | _aრეზიუმე გერმანულ ენაზე. | ||
| 653 | _aსაქართველოს ისტორიული გეოგრაფია. ეგრის-ლაზიკის სამეფო. | ||
| 700 |
_aიმნაძე, მ _eრედაქტორი _91559 |
||
| 710 |
_aსაქართველოს მეცნიერებათა აკადემია, ი. ჯავახიშვილის სახელობის ისტორიისა და ეთნოგრაფიის ინსტიტუტი. _919270 |
||
| 942 |
_2udc _cBK |
||